000 01071cam a2200289 a 4500
999 _c21858
_d21858
001 2037855
003 OSt
005 20210206124934.0
008 920323s1991 ii b 000 0 eng
010 _a 92135819
020 _a0195632087
040 _aDLC
_coclc
_dDLC
043 _aa-ii---
050 0 0 _aDS481.G3
_bA25 1991
082 _a954.035092
_bIYE/E
100 _aIyer, Raghavan,
_d1930 -1986
_9121
240 1 0 _aWorks.
_kSelections.
_f1991.
_sOxford
245 1 4 _aThe Essential Writings of Mahatma Gandhi /
_cRaghavan Iyer
260 _aDelhi :
_bOxford University Press,
_c1991.
300 _axvi, 441 p. ;
_c23 cm.
504 _aIncludes bibliographical references (p. [433]-438) and index.
700 _aIyer, Raghavan,
_d1930 -1986
_9121
856 4 2 _3Publisher description
_uhttp://www.loc.gov/catdir/enhancements/fy0635/92135819-d.html
906 _a7
_bcbc
_corignew
_d3
_encip
_f19
_gy-gencatlg
942 _2ddc
_cBK
_h954.035092
_iIYE/E
_k954.035092
_mIYE/E